[Event "Subotica City-ch"]
[Site "Subotica"]
[Date "2019.03.06"]
[Round "5"]
[White "Tomic, Zoran S"]
[Black "Jancikin, Svetozar"]
[Result "1-0"]
[WhiteElo "1857"]
[BlackElo "1939"]
[PlyCount "79"]
[EventDate "2019.02.25"]
[EventType "swiss"]
[EventRounds "9"]
[EventCountry "SRB"]
[SourceTitle "CBM 189 Extra"]
[Source "ChessBase"]
[SourceDate "2019.06.03"]
[SourceVersion "1"]
[SourceVersionDate "2019.06.03"]
[SourceQuality "1"]

1. d4 d5 2. Bf4 c5 3. c3 Nc6 4. e3 Nf6 5. h3 Bf5 6. Nf3 h6 7. Be2 e6 8. Nbd2 c4 9. b4 b5 10. a4 a6 11. 0-0 g5 12. Be5 Rg8 13. Bxf6 Qxf6 14. axb5 g4 15. hxg4 Bxg4 16. bxc6 Qg7 17. Ne1 Bh3 18. Bf3 Bd6 19. e4 Bf4 20. exd5 Qg5 21. Ne4 Qh4 22. Ng3 Rxg3 23. fxg3 Qxg3 24. Rf2 h5 25. dxe6 h4 26. exf7+ Kf8 27. Qc2 Ra7 28. Qh7 Rxf7 29. Qh8+ Ke7 30. Re2+ Be6 31. Rxe6+ Kxe6 32. Qc8+ Kf6 33. Qh3 Be3+ 34. Kh1 Qf2 35. Qh2 Kg6 36. Be4+ Kh6 37. Nf3 Rf4 38. c7 Rxe4 39. c8Q Bf4 40. Qxh4+ 1-0

[Event "Palic Karadzic Memorial op"]
[Site "Palic"]
[Date "2016.11.04"]
[Round "9"]
[White "Pajzer, Istvan"]
[Black "Jancikin, Svetozar"]
[Result "1-0"]
[WhiteElo "2051"]
[BlackElo "1955"]
[PlyCount "97"]
[EventDate "2016.10.29"]
[EventType "swiss"]
[EventRounds "9"]
[EventCountry "SRB"]
[SourceTitle "CBM 175 Extra"]
[Source "ChessBase"]
[SourceDate "2016.12.12"]
[SourceVersion "1"]
[SourceVersionDate "2016.12.12"]
[SourceQuality "1"]

1. d4 Nf6 2. c4 g6 3. Nc3 Bg7 4. e4 d6 5. f3 0-0 6. Be3 e5 7. Nge2 Nc6 8. d5 Ne7 9. Qd2 Bd7 10. g4 h5 11. gxh5 Nxh5 12. Ng3 Nf4 13. Bxf4 exf4 14. Nge2 g5 15. h4 Ng6 16. hxg5 Qxg5 17. 0-0-0 Rfb8 18. Bh3 Bxh3 19. Rxh3 Be5 20. Rg1 Qf6 21. Rh5 Kg7 22. Nb5 c5 23. Nc7 b5 24. cxb5 a6 25. Rf5 Qe7 26. Nxa8 axb5 27. Qa5 Rb7 28. Nb6 Qc7 29. Nxf4 Bxf4+ 30. Rxf4 Kg8 31. Qxb5 Qd8 32. Rfg4 Rxb6 33. Qd3 Qf6 34. e5 dxe5 35. Qe4 Kf8 36. a3 Rd6 37. Kb1 Rb6 38. Ka2 Qd6 39. Qc4 Rb7 40. Rc1 Rc7 41. Rg2 Ne7 42. Rd2 Nc8 43. Qh4 Nb6 44. Qh8+ Ke7 45. Re1 Nd7 46. f4 f6 47. Rg1 Qb6 48. d6+ Qxd6 49. Rg7+ 1-0

[Event "Subotica-ch"]
[Site "Subotica"]
[Date "2015.02.20"]
[Round "3"]
[White "Jancikin, Svetozar"]
[Black "Miljkovic, Vukasin"]
[Result "1-0"]
[WhiteElo "2004"]
[BlackElo "1715"]
[PlyCount "71"]
[EventDate "2015.02.16"]
[EventType "swiss"]
[EventRounds "9"]
[EventCountry "SRB"]
[SourceTitle "CBM 165 Extra"]
[Source "ChessBase"]
[SourceDate "2015.04.21"]
[SourceVersion "1"]
[SourceVersionDate "2015.04.21"]
[SourceQuality "1"]

1. e4 e5 2. Nf3 Nc6 3. Bc4 Be7 4. d4 exd4 5. c3 Na5 6. Bxf7+ Kxf7 7. Ne5+ Kf8 8. cxd4 d6 9. Nd3 Nc6 10. Be3 Bf6 11. Nf4 Qd7 12. Nc3 Nce7 13. 0-0 c6 14. d5 Nh6 15. Ne6+ Kg8 16. f4 Ng6 17. e5 dxe5 18. f5 Nf4 19. Qb3 Nf7 20. Rad1 h6 21. d6 Nxe6 22. fxe6 Qxe6 23. Qa3 Bd7 24. Ne4 Bg5 25. Nc5 Bxe3+ 26. Qxe3 Qe8 27. Rd2 Rh7 28. Rdf2 g6 29. Qb3 b6 30. Ne4 Qe6 31. Nf6+ Kh8 32. Nxh7 Qxb3 33. axb3 Be6 34. Rxf7 Bxf7 35. Rxf7 Kg8 36. Re7 1-0

[Event "Senta op 18th"]
[Site "Senta"]
[Date "2014.07.23"]
[Round "6"]
[White "Jancikin, Svetozar"]
[Black "Farkas, Sandor I"]
[Result "1-0"]
[WhiteElo "2026"]
[BlackElo "1901"]
[PlyCount "55"]
[EventDate "2014.07.19"]
[EventType "swiss"]
[EventRounds "9"]
[EventCountry "SRB"]
[SourceTitle "CBM 161 Extra"]
[Source "ChessBase"]
[SourceDate "2014.08.29"]
[SourceVersion "1"]
[SourceVersionDate "2014.08.29"]
[SourceQuality "1"]

1. e4 c5 2. Nf3 d6 3. d4 cxd4 4. Nxd4 Nf6 5. Nc3 a6 6. Bc4 e6 7. Bg5 Be7 8. f4 b5 9. Bb3 Qc7 10. 0-0 0-0 11. Kh1 Nc6 12. f5 Nxd4 13. Qxd4 Ng4 14. Bxe7 Qxe7 15. Rad1 b4 16. e5 Nxe5 17. f6 gxf6 18. Ne4 f5 19. Nxd6 Ng4 20. h3 Nf6 21. Qe5 Nd7 22. Qe3 Qh4 23. Nxc8 Nf6 24. Ne7+ Kh8 25. Qe5 h6 26. Rd4 Qg5 27. Nxf5 Rg8 28. Rg4 1-0

[Event "Subotica-ch"]
[Site "Subotica"]
[Date "2013.05.27"]
[Round "7"]
[White "Jancikin, Svetozar"]
[Black "Hegedus, Antal"]
[Result "0-1"]
[WhiteElo "2059"]
[BlackElo "1983"]
[PlyCount "108"]
[EventDate "2013.05.13"]
[EventType "swiss"]
[EventRounds "9"]
[EventCountry "SRB"]
[SourceTitle "CBM 154 Extra"]
[Source "ChessBase"]
[SourceDate "2013.06.25"]
[SourceVersion "2"]
[SourceVersionDate "2013.06.25"]
[SourceQuality "1"]

1. e4 e5 2. Nf3 d6 3. Bc4 Be7 4. Nc3 Nf6 5. d3 0-0 6. h3 c5 7. g4 Be6 8. Be3 a6 9. a4 Nc6 10. Qd2 Bxc4 11. dxc4 Nd4 12. Ng1 Qb6 13. b3 Rfe8 14. g5 Nh5 15. Nd5 Qd8 16. h4 g6 17. Bxd4 cxd4 18. Ne2 f5 19. f3 f4 20. a5 Rf8 21. Rg1 Rf7 22. 0-0-0 Rb8 23. Qb4 Qd7 24. c3 dxc3 25. Nexc3 Bf8 26. Rd3 Qh3 27. Rg4 Qf1+ 28. Kc2 Qf2+ 29. Rd2 Qxf3 30. Rg1 Qh3 31. c5 dxc5 32. Qb6 Rc8 33. Nf6+ Nxf6 34. gxf6 Rc6 35. Qd8 Qc8 36. Qd5 Qe6 37. h5 Rxf6 38. Rg5 Rd6 39. Qxe5 Rxd2+ 40. Kxd2 Bh6 41. Qxe6+ Rxe6 42. Rxc5 g5 43. Nd5 g4 44. Rc8+ Kf7 45. Rc7+ Ke8 46. Rxh7 f3+ 47. Ke1 Rxe4+ 48. Kf1 Bg5 49. Rh6 g3 50. Nf6+ Bxf6 51. Rxf6 f2 52. h6 Re1+ 53. Kg2 Rg1+ 54. Kh3 f1Q+ 0-1

[Event "Subotica-ch"]
[Site "Subotica"]
[Date "2012.05.21"]
[Round "7"]
[White "Szabados, Karoly"]
[Black "Jancikin, Svetozar"]
[Result "0-1"]
[WhiteElo "2102"]
[BlackElo "2072"]
[PlyCount "58"]
[EventDate "2012.05.07"]
[EventType "swiss"]
[EventRounds "9"]
[EventCountry "SRB"]
[SourceTitle "CBM 148 Extra"]
[Source "ChessBase"]
[SourceDate "2012.06.22"]
[SourceVersion "1"]
[SourceVersionDate "2012.06.22"]
[SourceQuality "1"]

1. e4 c5 2. b4 b6 3. bxc5 bxc5 4. Nf3 Nc6 5. Bc4 d6 6. 0-0 Nf6 7. d4 cxd4 8. Nxd4 Bd7 9. Nc3 Ne5 10. Bb3 Rc8 11. Bb2 Nc4 12. Bxc4 Rxc4 13. Qd3 Rb4 14. Ba3 Rb8 15. Rab1 g6 16. Rxb8 Qxb8 17. Rb1 Qd8 18. Qa6 Bg7 19. Nc6 Bxc6 20. Qxc6+ Nd7 21. Rb7 Bxc3 22. Qxc3 0-0 23. Bb2 e5 24. Rxa7 Nc5 25. Ra5 Nxe4 26. Qb4 Qh4 27. g3 Qg4 28. Ra4 Qd1+ 29. Kg2 Nd2 0-1

[Event "Subotica-ch"]
[Site "Subotica"]
[Date "2010.03.05"]
[Round "8"]
[White "Jancikin, Svetozar"]
[Black "Nagy, Attila"]
[Result "1-0"]
[WhiteElo "2111"]
[BlackElo "2267"]
[PlyCount "103"]
[EventDate "2010.02.17"]
[EventType "swiss"]
[EventRounds "9"]
[EventCountry "SRB"]
[SourceTitle "EXT 2019"]
[Source "ChessBase"]
[SourceDate "2018.10.10"]
[SourceVersion "1"]
[SourceVersionDate "2018.10.10"]
[SourceQuality "1"]

1. e4 c5 2. Nf3 d6 3. d4 cxd4 4. Nxd4 Nf6 5. Nc3 g6 6. Bc4 Bg7 7. f3 Nc6 8. Be3 0-0 9. Qd2 Bd7 10. 0-0-0 Qa5 11. Kb1 Rfc8 12. Bb3 Ne5 13. g4 Nc4 14. Bxc4 Rxc4 15. Nb3 Qd8 16. h4 Be6 17. h5 Rac8 18. e5 Nd7 19. hxg6 Nxe5 20. Bh6 Bf6 21. Ne4 Rxe4 22. fxe4 fxg6 23. Nd4 Bxg4 24. Rdg1 Nf3 25. Nxf3 Bxf3 26. Qd5+ Kh8 27. Bg5 Bxh1 28. Rxh1 b6 29. Qf7 Bg7 30. Qxg6 Qg8 31. Bxe7 Re8 32. Rxh7+ Qxh7 33. Qxe8+ Qg8 34. Qxg8+ Kxg8 35. Bxd6 Kf7 36. a4 Ke6 37. Bb8 a6 38. c3 Kd7 39. Kc2 Kc6 40. Kd3 b5 41. axb5+ axb5 42. b3 Kd7 43. e5 Ke6 44. Kd4 Bf8 45. b4 Be7 46. c4 bxc4 47. Kxc4 Kd7 48. b5 Bd8 49. Kd5 Bb6 50. e6+ Ke8 51. Bd6 Kd8 52. Kc6 1-0

[Event "Subotica-ch"]
[Site "Subotica"]
[Date "2010.03.03"]
[Round "7"]
[White "Jesenski, Tibor"]
[Black "Jancikin, Svetozar"]
[Result "1-0"]
[WhiteElo "2294"]
[BlackElo "2111"]
[PlyCount "97"]
[EventDate "2010.02.17"]
[EventType "swiss"]
[EventRounds "9"]
[EventCountry "SRB"]
[SourceTitle "EXT 2019"]
[Source "ChessBase"]
[SourceDate "2018.10.10"]
[SourceVersion "1"]
[SourceVersionDate "2018.10.10"]
[SourceQuality "1"]

1. d4 d5 2. Nf3 Bf5 3. c4 c6 4. Nc3 e6 5. Qb3 Qc8 6. Bf4 Nd7 7. Rc1 dxc4 8. Qxc4 Ngf6 9. Nd2 Nb6 10. Qb3 Qd7 11. e4 Bg6 12. Nb5 Nxe4 13. Nc7+ Kd8 14. Nxa8 Nxa8 15. Be2 Nxd2 16. Bxd2 Bd6 17. 0-0 h5 18. Qa4 a6 19. Bf3 Nc7 20. Ba5 Ke7 21. Bb4 Nb5 22. Rfd1 h4 23. Bc5 Kf8 24. Qb4 Be7 25. d5 exd5 26. Bxd5 Bxc5 27. Qxc5+ Kg8 28. Bf3 Qf5 29. a4 Nc7 30. Rd8+ Kh7 31. Rxh8+ Kxh8 32. Qxf5 Bxf5 33. Rc4 h3 34. Rb4 b5 35. Bxc6 Bd3 36. Rh4+ Kg8 37. Rxh3 Bc4 38. Rc3 Ne6 39. b3 Nd4 40. bxc4 b4 41. Re3 Nxc6 42. Re8+ Kh7 43. Rc8 Ne5 44. Rb8 a5 45. c5 g5 46. Rb6 Nc4 47. Rb5 Kg7 48. c6 Nd6 49. c7 1-0

[Event "Subotica-ch"]
[Site "Subotica"]
[Date "2010.03.01"]
[Round "6"]
[White "Jancikin, Svetozar"]
[Black "Scepanovic, Labud"]
[Result "1-0"]
[WhiteElo "2111"]
[BlackElo "2210"]
[PlyCount "109"]
[EventDate "2010.02.17"]
[EventType "swiss"]
[EventRounds "9"]
[EventCountry "SRB"]
[SourceTitle "EXT 2019"]
[Source "ChessBase"]
[SourceDate "2018.10.10"]
[SourceVersion "1"]
[SourceVersionDate "2018.10.10"]
[SourceQuality "1"]

1. e4 c6 2. d4 d5 3. Nc3 dxe4 4. Nxe4 Bf5 5. Ng3 Bg6 6. h4 h6 7. Nf3 Nd7 8. h5 Bh7 9. Bd3 Bxd3 10. Qxd3 e6 11. Bf4 Ngf6 12. 0-0-0 Nd5 13. Bd2 Qc7 14. Ne2 Bd6 15. g3 0-0-0 16. c4 N5f6 17. Rh4 c5 18. Kb1 Rhe8 19. Be3 Kb8 20. g4 e5 21. dxc5 Bxc5 22. Qf5 Bxe3 23. fxe3 Qxc4 24. Nc3 Qe6 25. Qc2 Nb6 26. g5 Rxd1+ 27. Nxd1 hxg5 28. Nxg5 Qd7 29. Nc3 Rh8 30. Rh1 Rxh5 31. Rxh5 Nxh5 32. Qh7 f6 33. Nge4 f5 34. Qxh5 fxe4 35. Qxe5+ Kc8 36. Qxe4 a6 37. Qe5 g6 38. Qc5+ Qc6 39. Qd4 Qe6 40. b3 g5 41. Qh8+ Kc7 42. Qg7+ Qd7 43. Qe5+ Kc8 44. Kc2 g4 45. a4 Na8 46. Nd5 b6 47. e4 Kb7 48. Kd3 Nc7 49. Qxc7+ Qxc7 50. Nxc7 Kxc7 51. Ke3 Kd6 52. Kf4 Ke6 53. Kxg4 Ke5 54. Kf3 a5 55. Ke3 1-0

[Event "Subotica-ch"]
[Site "Subotica"]
[Date "2008.02.25"]
[Round "4"]
[White "Guzsvany, Arpad"]
[Black "Jancikin, Svetozar"]
[Result "1-0"]
[WhiteElo "2065"]
[BlackElo "2115"]
[PlyCount "89"]
[EventDate "2008.02.18"]
[EventType "swiss"]
[EventRounds "9"]
[EventCountry "YUG"]
[SourceTitle "CBM 123 Extra"]
[Source "ChessBase"]
[SourceDate "2008.05.06"]
[SourceVersion "1"]
[SourceVersionDate "2008.05.06"]
[SourceQuality "1"]

1. d4 Nf6 2. c4 g6 3. Nc3 Bg7 4. e4 d6 5. Be2 0-0 6. Bg5 e5 7. dxe5 dxe5 8. Qxd8 Rxd8 9. Bxf6 Bxf6 10. Nd5 Kg7 11. Nxc7 Na6 12. Nxa8 Be6 13. Nc7 Nxc7 14. Nf3 Na6 15. Rd1 Rc8 16. 0-0 Nc5 17. Nd2 Bg5 18. Nf3 Bf6 19. Bd3 Nxd3 20. Rxd3 Rxc4 21. Re1 Rc2 22. Rd2 Rc5 23. a3 g5 24. h3 h5 25. b4 Rc3 26. Ra1 g4 27. hxg4 hxg4 28. Ne1 g3 29. fxg3 Rxg3 30. Nf3 Rg4 31. Re1 Kf8 32. Rc2 b5 33. Rc5 Bc4 34. Nxe5 Rg3 35. Rc8+ Kg7 36. Nxc4 bxc4 37. Rxc4 Rxa3 38. e5 Be7 39. Rc7 Bxb4 40. Rf1 a5 41. e6 Bd6 42. Rcxf7+ Kg8 43. e7 Bc5+ 44. Kh1 Re3 45. Rf8+ 1-0